Estudio en escarlata

Salvato in:
Dettagli Bibliografici
Autore principale: Doyle, Arthur Conan, Sir, 1859-1930
Altri autori: Díaz Gijón, José R. (José Ramón)
Natura: Elettronico eBook
Lingua:spagnolo
inglese
Pubblicazione: Madrid : Biblioteca Nueva, 2011.
Serie:Colección biblioteca nueva de aventuras ; 10.
Digitalia eBook Collection: Biblioteca Nueva
Soggetti:
Accesso online:Digitalia Hispánica
Tags: Aggiungi Tag
Nessun Tag, puoi essere il primo ad aggiungerne!!

MARC

LEADER 00000nam a2200000Ia 4500
001 DIGBIN00910
003 NyNyDIG
006 m d
007 cr |||||||||||
008 110625s2011 sp a o 000 0dspa
020 |z 8499402291 (pbk.) 
020 |z 9788499402291 (pbk.) 
040 |a DGITA  |b eng  |e pn  |c DGITA 
041 1 |a spa  |h eng 
050 0 0 |a PR4622.S8 ebook 
100 1 |a Doyle, Arthur Conan,   |c Sir,   |d 1859-1930. 
240 1 0 |a Study in scarlet.  |l Spanish 
245 1 3 |a Estudio en escarlata   |h [electronic resource] /  |c Arthur Conan Doyle ; [edición y prólogo de José Ramón Díaz Gijón; ilustraciones, Ariette Imbert]. 
260 |a Madrid :  |b Biblioteca Nueva,   |c 2011.  |e (New York, NY. :  |f Digitalia Inc,   |g 2012). 
300 |a 1 online resource (240 p.) :  |b ill. 
490 1 |a Biblioteca nueva de aventuras ;  |v 10. 
500 |a Translation of: Study in scarlet 
506 |a Access restricted to subscribing institutions. 
650 0 |a Holmes, Sherlock (Fictitious character)   |v Fiction. 
655 0 |a Electronic books. 
700 1 |a Díaz Gijón, José R.   |q (José Ramón) 
791 2 |a Digitalia (Firm),  |e distributor. 
830 0 |a Colección biblioteca nueva de aventuras ;  |v 10. 
830 0 |a Digitalia eBook Collection: Biblioteca Nueva 
856 4 0 |3 Digitalia Hispánica  |u https://digitalia.unach.elogim.com/a/10024/